[Event "USA-ch Juniors Open 2019"]
[Site "Saint Louis"]
[Date "2019.07.17"]
[Round "6.3"]
[White "Checa, Nicolas"]
[Black "Liang, Awonder"]
[Result "1/2-1/2"]
[WhiteElo "2506"]
[BlackElo "2592"]
[Annotator "ChessBase"]
[PlyCount "60"]
[EventDate "2019.07.09"]
[EventType "tourn"]
[EventCountry "USA"]
[SourceTitle "playchess.com"]
[Source "ChessBase"]
[SourceQuality "1"]
[TimeControl "40/5400+30:1800+30"]

1. d4 {[%emt 0:00:00]} f5 {[%emt 0:00:00]} 2. Nc3 {[%emt 0:01:14]} Nf6 {[%emt 0:00:00]} 3. Bg5 {[%emt 0:00:09]} d5 {[%emt 0:00:00]} 4. e3 {[%emt 0:04:23]} e6 {[%emt 0:00:49]} 5. Nf3 {[%emt 0:03:08]} h6 {[%emt 0:13:56]} 6. Bf4 {[%emt 0:09:59]} g5 {[%emt 0:03:48]} 7. Bg3 {[%emt 0:00:17]} Bg7 {[%emt 0:02:16]} 8. Nb5 {[%emt 0:05:01]} Na6 {[%emt 0:00:09]} 9. c4 {[%emt 0:00:11]} O-O {[%emt 0:00:08]} 10. Bd3 {[%emt 0:05:48]} c6 {[%emt 0:06:30]} 11. Nc3 {[%emt 0:00:22]} Nc7 {[%emt 0:04:03]} 12. O-O {[%emt 0:04:54]} Nce8 {[%emt 0:04:57]} 13. Qc2 {[%emt 0:06:10]} Nd6 {[%emt 0:05:43]} 14. cxd5 {[%emt 0:01:35]} cxd5 {[%emt 0:00:06]} 15. Nb5 {[%emt 0:06:38]} Nxb5 {[%emt 0:08:29]} 16. Bxb5 {[%emt 0:00:06]} Bd7 {[%emt 0:00:32]} 17. Bd3 {[%emt 0:03:21]} Qb6 {[%emt 0:09:10]} 18. Bc7 {[%emt 0:03:07]} Qb4 {[%emt 0:00:06]} 19. a3 {[%emt 0:00:22]} Qe7 {[%emt 0:00:44]} 20. Rfc1 {[%emt 0:05:30]} Rfc8 {[%emt 0:02:29]} 21. Qd1 {[%emt 0:03:30]} Ba4 {[%emt 0:03:01]} 22. Qxa4 {[%emt 0:00:29]} Rxc7 {[%emt 0:00:05]} 23. Rc2 {[%emt 0:00:33]} a6 {[%emt 0:01:44]} 24. Rac1 {[%emt 0:00:36]} Rac8 {[%emt 0:00:06]} 25. Ne5 {[%emt 0:02:17]} Rxc2 {[%emt 0:10:18]} 26. Rxc2 {[%emt 0:00:14]} Rxc2 {[%emt 0:00:29]} 27. Qxc2 {[%emt 0:00:02]} Qd8 {[%emt 0:00:17]} 28. g3 {[%emt 0:04:15]} Nd7 {[%emt 0:02:24]} 29. Nf3 {[%emt 0:02:24]} Bf8 {[%emt 0:01:25]} 30. Ne5 {[%emt 0:03:36]} Nxe5 {[%emt 0:06:07]} 1/2-1/2

[Event "USA-ch Juniors Open 2019"]
[Site "Saint Louis"]
[Date "2019.07.17"]
[Round "6.4"]
[White "Jacobson, Brandon"]
[Black "Hilby, Craig"]
[Result "1/2-1/2"]
[WhiteElo "2456"]
[BlackElo "2433"]
[Annotator "ChessBase"]
[PlyCount "74"]
[EventDate "2019.07.09"]
[EventType "tourn"]
[EventCountry "USA"]
[SourceTitle "playchess.com"]
[Source "ChessBase"]
[SourceQuality "1"]
[TimeControl "40/5400+30:1800+30"]

1. b4 {[%emt 0:07:12]} c6 {[%emt 0:01:30]} 2. Bb2 {[%emt 0:00:15]} Qb6 {[%emt 0:02:50]} 3. a3 {[%emt 0:00:42]} a5 {[%emt 0:01:34]} 4. c4 {[%emt 0:00:31]} axb4 {[%emt 0:16:27]} 5. c5 {[%emt 0:00:21]} Qc7 {[%emt 0:05:32]} 6. axb4 {[%emt 0:00:08]} Rxa1 {[%emt 0:00:06]} 7. Bxa1 {[%emt 0:00:05]} d6 {[%emt 0:02:23]} 8. cxd6 {[%emt 0:15:33]} Qxd6 {[%emt 0:02:19]} 9. Qb3 {[%emt 0:00:42]} b5 {[%emt 0:12:50]} 10. e4 {[%emt 0:11:15]} Na6 {[%emt 0:11:17]} 11. Bc3 {[%emt 0:03:34]} Nf6 {[%emt 0:00:14]} 12. d3 {[%emt 0:11:26]} e5 {[%emt 0:04:17]} 13. Nf3 {[%emt 0:00:12]} Nd7 {[%emt 0:00:42]} 14. d4 {[%emt 0:05:28]} Nxb4 {[%emt 0:11:47]} 15. Be2 {[%emt 0:00:49]} Qe6 {[%emt 0:02:25]} 16. d5 {[%emt 0:09:07]} cxd5 {[%emt 0:00:50]} 17. Bxb4 {[%emt 0:28:31]} dxe4 {[%emt 0:01:34]} 18. Qxe6+ {[%emt 0:00:07]} fxe6 {[%emt 0:00:05]} 19. Bxf8 {[%emt 0:00:03]} exf3 {[%emt 0:00:12]} 20. Bxg7 {[%emt 0:00:03]} Rg8 {[%emt 0:00:40]} 21. gxf3 {[%emt 0:03:17]} Rxg7 {[%emt 0:00:10]} 22. Bxb5 {[%emt 0:00:02]} Kf8 {[%emt 0:04:00]} 23. Ke2 {[%emt 0:00:14]} Nb6 {[%emt 0:02:27]} 24. Rc1 {[%emt 0:00:34]} Bb7 {[%emt 0:00:57]} 25. Nd2 {[%emt 0:00:21]} Nd5 {[%emt 0:03:17]} 26. Kf1 {[%emt 0:00:06]} Nf4 {[%emt 0:02:50]} 27. Rc5 {[%emt 0:01:13]} Rg2 {[%emt 0:02:09]} 28. h4 {[%emt 0:01:33]} Rh2 {[%emt 0:01:25]} 29. Kg1 {[%emt 0:00:12]} Rxh4 {[%emt 0:04:02]} 30. Rxe5 {[%emt 0:00:01]} Rh6 {[%emt 0:00:28]} 31. Rc5 {[%emt 0:00:29]} Rg6+ {[%emt 0:00:35]} 32. Kf1 {[%emt 0:00:33]} h5 {[%emt 0:01:25]} 33. Rc4 {[%emt 0:00:13]} e5 {[%emt 0:01:33]} 34. Rc5 {[%emt 0:00:02]} Bd5 {[%emt 0:01:07]} 35. Bc4 {[%emt 0:00:58]} Rc6 {[%emt 0:00:32]} 36. Rxc6 {[%emt 0:00:09]} Bxc6 {[%emt 0:00:15]} 37. Kg1 {[%emt 0:00:34]} Kg7 {[%emt 0:00:17]} 1/2-1/2

[Event "USA-ch Juniors Open 2019"]
[Site "Saint Louis"]
[Date "2019.07.17"]
[Round "6.5"]
[White "Yu, Jennifer"]
[Black "Tang, Andrew"]
[Result "1/2-1/2"]
[WhiteElo "2341"]
[BlackElo "2495"]
[Annotator "TA"]
[PlyCount "115"]
[EventDate "2019.07.09"]
[EventType "tourn"]
[EventCountry "USA"]
[SourceTitle "playchess.com"]
[Source "ChessBase"]
[SourceQuality "1"]

{[%evp 16,115,0,0,0,0,0,9,9,-10,0,0,0,2,25,0,13,11,4,8,0,0,0,0,16,0,27,0,-6,0,0,0,0,0,0,0,0,0,0,0,0,-9,0,0,0,0,0,0,0,-49,0,-8,0,0,0,0,0,-9,0,0,0,0,0,0,0,0,0,0,0,0,0,0,0,0,0,0,0,0,0,0,0,0,0,0,0,0,0,0,0,0,0,0,0,0,0,0,0,0,0,0,0,0]} 1. d4 d5 2. c4 e6 3. Nf3 Nf6 4. Nc3 Bb4 5. e3 O-O 6. a3 Bxc3+ 7. bxc3 {[%cal Bb2c3,Bc3c4][%mdl 32]} c6 8. Bd3 b6 9. O-O Ba6 {E51: Nimzo-Indian: Rubinstein: 4...0-0 5 Nf3 d5} 10. cxd5 (10. Nd2 Nbd7 11. a4 e5 12. Ba3 c5 13. Qb1 Rc8 14. cxd5 Bxd3 15. Qxd3 Nxd5 16. c4 Nb4 17. Qc3 exd4 18. exd4 {½-½ (47) Melkumyan,H (2634)-L'Ami,E (2645) Germany 2013}) 10... Bxd3 11. Qxd3 cxd5 12. c4 Nc6 13. Bd2 Rc8 14. Rfc1 Ne4 15. Rc2 Nd6 16. cxd5 exd5 17. Bb4 Nxb4 $146 ({Predecessor:} 17... Qe7 18. Bxd6 {½-½ (18) Reddmann,H (2216)-Colpe,M (2402) Hamburg 2017}) 18. axb4 Qd7 19. Ne5 Qb7 20. Rac1 f6 21. Nf3 Rxc2 22. Rxc2 a5 23. bxa5 bxa5 24. Nd2 Nc4 25. h3 Rc8 26. Nxc4 Qb1+ 27. Kh2 {[#] aiming for Na3!} Rxc4 28. Rc3 Qxd3 29. Rxd3 $11 {[%mdl 4096] Endgame KR-KR} a4 30. Kg3 Kf7 31. Kf4 Ke6 32. h4 g6 33. f3 {The position is equal.} Rb4 34. Rc3 Rb6 35. g4 Ra6 {Hoping for ...a3.} 36. Ra3 h6 37. e4 g5+ 38. hxg5 hxg5+ 39. Ke3 Kd6 40. f4 gxf4+ 41. Kxf4 dxe4 42. Kxe4 Kc6 43. d5+ Kc5 44. Rc3+ Kb5 {...a3 is the strong threat.} 45. Kd4 a3 46. Rb3+ Ka4 47. Kc4 $1 Ra7 (47... a2 $5 48. Rb4+ $8 Ka3 49. Rb3+ Ka4 50. Rb4+ Ka5 51. Rb5+ Ka4 52. Rb4+ $11) 48. Rb4+ Ka5 {Strongly threatening ...a2.} 49. Kb3 {Threatens to win with Ra4+.} a2 50. Ra4+ {[%mdl 64] [#] Double Attack} Kb6 51. Rxa7 (51. Rxa2 Rxa2 52. Kxa2 Kc5 53. Kb3 Kxd5 54. Kc3 Ke5 55. Kd3 Kf4 56. Ke2 Kxg4 57. Kf2 Kf4 58. Ke2 Kg3 59. Ke3 f5 60. Ke2 f4 61. Kf1 Kf3 62. Ke1 Kg2 63. Kd2 f3 64. Kd3 f2 65. Ke4 f1=Q 66. Ke5 Qb5+ 67. Ke6 Kf3 68. Kf6 Qc6+ 69. Kg7 Kf4 70. Kh7 Qc7+ 71. Kg6 Qe7 72. Kh6 Kf5 73. Kh5 Qh7#) 51... Kxa7 52. Kxa2 {Intending Ka3 and mate. KPP-KP} Kb6 53. Kb3 {Threatening mate with Kb4.} Kc5 54. Kc3 Kxd5 55. Kd3 Ke5 {( -> ...Kf4)} 56. Ke3 f5 57. gxf5 Kxf5 58. Kd4 {Accuracy: White = 72%, Black = 66%.} 1/2-1/2

[Event "USA-ch Juniors Open 2019"]
[Site "Saint Louis"]
[Date "2019.07.18"]
[Round "7.1"]
[White "Tang, Andrew"]
[Black "Vaidya, Atulya"]
[Result "1-0"]
[WhiteElo "2495"]
[BlackElo "2118"]
[Annotator "TA"]
[PlyCount "85"]
[EventDate "2019.07.09"]
[EventType "tourn"]
[EventCountry "USA"]
[SourceTitle "playchess.com"]
[Source "ChessBase"]
[SourceQuality "1"]

{[%evp 12,85,44,57,61,64,66,56,83,68,103,122,117,104,92,107,138,98,179,100,186,199,187,171,326,322,614,615,618,496,601,561,518,322,322,308,405,190,211,209,180,65,62,64,74,64,75,66,68,70,78,68,85,74,125,111,121,114,438,414,452,410,469,433,423,412,466,453,479,0,452,427,29974,29972,29984,0]} 1. d4 Nf6 2. c4 g6 3. Nc3 Bg7 4. e4 d6 5. Nge2 O-O 6. Ng3 Nc6 7. d5 Nb8 {E70: King's Indian: Miscellaneous lines with 4 e4, including 5 Nge2 and 5 Bd3 0-0 6 Nge2} (7... Ne5 8. Be2 c6 9. f4 Ned7 10. Be3 a6 11. O-O Rb8 12. Kh1 cxd5 13. cxd5 b5 14. Bf3 Nb6 15. Bd4 Nfd7 16. Bxg7 Kxg7 {½-½ (49) Ivanisevic,I (2603)-Guseinov,G (2664) Skopje 2018}) 8. Be2 e5 9. Be3 Ne8 $146 {White is slightly better.} ({Predecessor:} 9... c6 10. Qd2 h5 11. Bg5 Qc7 12. Bxf6 Bxf6 13. h4 Qe7 14. Bxh5 gxh5 15. Nxh5 Kh7 16. O-O-O Bg4 17. Nxf6+ Qxf6 18. f3 Bd7 19. dxc6 {½-½ (19) Van Essen,M-Quist,P Hengelo 1994}) 10. Qd2 f5 11. exf5 gxf5 {Hoping for ...f4.} 12. Bg5 Bf6 13. h4 a5 14. O-O-O Na6 (14... Ng7 $16) 15. f4 (15. Nh5 $1 $18) 15... Nc5 (15... Ng7 $16) 16. Nh5 $1 $18 Bxg5 17. hxg5 ({Stronger than} 17. fxg5 Bd7 $11) 17... exf4 $2 (17... a4 18. g6 Ra6) 18. Qxf4 ({Less strong is} 18. Nxf4 Qxg5 19. Rh5 Qe7 $14) 18... Ne4 $2 (18... Nd7 19. g6 Qe7 20. gxh7+ Kh8) 19. Nxe4 fxe4 20. Qh4 Qe7 21. Rdf1 {aiming for Nf6+.} Bf5 {[#]} 22. Nf6+ $1 {[%mdl 512]} Nxf6 23. gxf6 Qe5 24. Qg5+ ({Not} 24. Bg4 Bg6 $18) (24. Bh5 $142 {Rxf5! would kill now.} Qxf6 25. Qxf6 Rxf6 26. g4) 24... Bg6 25. Qxe5 dxe5 26. Kd2 (26. g4 $1 $18) 26... Ra6 $14 27. Ke3 Raxf6 28. Rxf6 Rxf6 {[%mdl 4096] Endgame KRB-KRB} 29. c5 Kf8 30. a3 {[%cal Ba2a3,Ba3b4,Bb4c5][%mdl 32]} Ke7 31. b4 axb4 32. axb4 b6 (32... Rf5 $142) 33. Ra1 $1 $16 {Strongly threatening d6+!} bxc5 34. bxc5 Bf5 $2 {[%mdl 8192]} (34... Bf7 $16 {is a better chance.}) 35. g4 Bg6 36. Ra7 Kd8 37. Ra8+ Ke7 38. g5 Rf5 39. Ra7 {Threatens to win with d6+.} Kd8 40. Ra8+ Ke7 41. Rc8 $1 {[%cal Rc8c7]} Kd7 {[#]} (41... Rxg5 $18 42. Rxc7+ Kf6) 42. Bg4 $1 Ke7 43. Be2 $2 {[%mdl 32768] Accuracy: White = 56%, Black = 20%. . Loss on time!?} (43. Bxf5 {mates} Bxf5 44. Rxc7+ Kd8 45. Ra7 Kc8 46. c6 Kb8 {[#]} 47. d6 $1 {[%mdl 512]} Kxa7 48. d7) 1-0

[Event "USA-ch Juniors Open 2019"]
[Site "Saint Louis"]
[Date "2019.07.18"]
[Round "7.2"]
[White "Hilby, Craig"]
[Black "Yu, Jennifer"]
[Result "1-0"]
[WhiteElo "2433"]
[BlackElo "2341"]
[Annotator "TA"]
[PlyCount "79"]
[EventDate "2019.07.09"]
[EventType "tourn"]
[EventCountry "USA"]
[SourceTitle "playchess.com"]
[Source "ChessBase"]
[SourceQuality "1"]

{[%evp 9,79,10,33,18,47,29,25,10,25,18,20,20,21,20,15,17,12,15,18,12,12,12,13,16,19,19,30,30,30,22,27,22,42,33,45,30,37,33,34,36,34,45,47,54,56,37,57,57,93,99,90,82,117,91,1128,1122,885,191,370,220,192,70,63,0,398,259,29996,29997,29997,29998,29998,29999]} 1. e3 c5 2. g3 $146 (2. Nf3 Nf6 3. b3 g6 4. Bb2 Bg7 5. g3 O-O 6. Bg2 d6 7. d4 cxd4 8. Nxd4 Bg4 9. Qd2 Nc6 10. Nxc6 bxc6 11. c4 Rc8 12. Nc3 Qa5 {½-½ (24) Bartel,M (2593)-Wojtaszek,R (2724) Chorzow 2019}) 2... Nc6 3. Bg2 e5 4. Ne2 d5 5. O-O Nf6 6. d4 {A00: Irregular Openings} cxd4 7. exd4 e4 8. Nbc3 {White has an edge.} Be7 9. f3 exf3 $1 10. Bxf3 Bg4 11. Nxd5 Bxf3 $1 12. Nxf6+ Bxf6 13. Rxf3 Nxd4 14. Rd3 {[%cal Re2d4]} Nxe2+ 15. Qxe2+ Qe7 16. Qxe7+ Kxe7 17. Bf4 Rhd8 18. Re1+ Kf8 19. Bd6+ Kg8 20. b3 h6 21. c4 b6 22. Red1 Rac8 23. Kg2 g5 24. Kf3 Re8 25. g4 Kg7 26. Re3 Red8 27. Rd5 Kg6 28. Red3 h5 29. gxh5+ Kxh5 {[#]} 30. h4 $1 {[%mdl 512]} Kxh4 31. Ke4 {And now Kf5 would win.} Kg4 $2 {[%mdl 8192]} (31... Bg7 $16) 32. Rg3+ $18 Kh4 33. Rf3 $2 (33. Rdd3 {Rh3+ would kill now.} g4 {[#]} 34. Kf5 $1 {[%mdl 576] Double Attack}) 33... Bh8 $2 ({Don't go for} 33... Re8+ $2 34. Kf5 $18) (33... Bb2 34. Rf2 (34. Rxf7 Kg4 $16) 34... f5+ 35. Kf3 (35. Rfxf5 Re8+ 36. Kd3 Re6 $14) (35. Rdxf5 Rxd6 36. Rxb2 g4 $15) 35... g4+ 36. Kg2 Rxd6 37. Rxd6 Ba3) 34. Rxf7 (34. Be7 $142 Re8 35. Rxf7) 34... Kg4 35. Rd1 ({Don't take} 35. Rxa7 Rc6 $16) (35. Rff5 $18 Re8+ 36. Kd3) 35... Re8+ $1 $14 36. Be7 (36. Kd5 $14) 36... Rc6 $2 {[%mdl 8192]} (36... Rc7 $11 {and Black is okay.} 37. Rg1+ Kh5) 37. Kd5 Rg6 $2 (37... Rc7 $18 38. Rg1+ Kh5) 38. Rg1+ {White mates.} Kh5 39. Rh7+ Rh6 40. Rxg5+ {Accuracy: White = 72%, Black = 39%.} 1-0

[Event "USA-ch Juniors Open 2019"]
[Site "Saint Louis"]
[Date "2019.07.18"]
[Round "7.3"]
[White "Liang, Awonder"]
[Black "Jacobson, Brandon"]
[Result "1-0"]
[WhiteElo "2592"]
[BlackElo "2456"]
[Annotator "TA"]
[PlyCount "63"]
[EventDate "2019.07.09"]
[EventType "tourn"]
[EventCountry "USA"]
[SourceTitle "playchess.com"]
[Source "ChessBase"]
[SourceQuality "1"]

{[%evp 9,63,29,31,33,33,32,37,32,59,41,43,38,56,51,93,88,104,94,111,91,93,85,115,95,112,118,233,211,228,235,216,19,68,86,329,295,491,483,435,185,417,407,493,518,747,728,1269,1229,1712,1401,4886,2206,1891,1806,1222,1105]} 1. e4 c5 2. Nc3 d6 3. d4 cxd4 4. Qxd4 Bd7 (4... Nc6 5. Qd2 Nf6 6. b3 e6 7. Bb2 d5 8. exd5 exd5 9. O-O-O Be6 10. a3 Bc5 11. Nf3 {½-½ (49) Caruana,F (2819)-Vachier Lagrave,M (2773) Karlsruhe/Baden Baden 2019}) 5. b3 Nf6 6. Bb2 {B23: Closed Sicilian: Lines without g3} e5 7. Qd2 Bc6 $146 ({Predecessor:} 7... Be7 8. O-O-O Bc6 9. f3 Nxe4 10. Nxe4 Bxe4 11. Qb4 {0-1 (44) Stearman,J (2285)-Jacobson,B (2303) Charlotte 2018}) 8. f3 {White is slightly better.} Be7 9. h4 h5 10. O-O-O Nbd7 11. Kb1 $36 {[%mdl 2048] White has good play.} Qa5 12. Nh3 Qc5 13. Nf2 a6 14. g3 Qa7 15. f4 O-O 16. Bh3 b5 17. g4 hxg4 (17... a5 $16) 18. Nxg4 $18 Nxe4 19. Nxe4 Bxe4 20. Rhg1 $2 (20. Rhe1 $1 $18 {[%cal Re1e4]} Bf3 21. Nh6+ Kh8 22. Bxd7 Qxd7 23. fxe5 Bxd1 24. Qxd1) 20... Rac8 $11 21. Ne3 {[#]} f5 $2 ({Not} 21... Bxh4 $2 22. fxe5 Nxe5 23. Bxc8 $18) (21... Rxc2 $1 $16 {[%mdl 512] was called for.} 22. Nxc2 Rc8) 22. Bg2 $1 $18 Rf7 $2 (22... Nf6 23. Bxe4 Nxe4) 23. Bxe4 fxe4 24. Nd5 (24. h5 $142) 24... Bf8 $2 {[#]} (24... Bf6) 25. h5 $1 e3 26. Nxe3 {White is clearly winning.} Rxf4 27. h6 Nf6 28. hxg7 {[%mdl 64] Overworked Piece} Bxg7 29. Qxd6 Qf7 {[#]} 30. Qxe5 (30. Rxg7+ $142 $1 {[%mdl 512]} Kxg7 (30... Qxg7 31. Qe6+) 31. Qxe5) 30... Ng4 31. Nxg4 {Intending Nh6+ and mate.} Bxe5 32. Nxe5+ {Accuracy: White = 61%, Black = 31%.} 1-0

[Event "USA-ch Juniors Open 2019"]
[Site "Saint Louis"]
[Date "2019.07.18"]
[Round "7.4"]
[White "Sheng, Joshua"]
[Black "Checa, Nicolas"]
[Result "0-1"]
[WhiteElo "2449"]
[BlackElo "2506"]
[Annotator "TA"]
[PlyCount "112"]
[EventDate "2019.07.09"]
[EventType "tourn"]
[EventCountry "USA"]
[SourceTitle "playchess.com"]
[Source "ChessBase"]
[SourceQuality "1"]

{[%evp 21,112,35,47,0,9,7,17,0,18,23,17,17,12,11,8,-1,5,6,15,6,8,8,22,0,0,0,0,-8,0,0,0,0,0,0,0,0,0,0,0,0,0,0,0,0,0,0,0,0,0,-13,0,-4,12,20,13,13,19,0,0,0,0,-18,-15,-26,-26,-145,-152,-278,-244,-167,-99,-96,-96,-96,-96,-103,-100,-251,-233,-6427,-6312,-3998,-3979,-29968,-29969,-29969,-29970,-29970,-29971,-29972,-29971,-29970,-29969]} 1. e4 e6 2. d4 d5 3. Nd2 c5 4. exd5 Qxd5 5. Ngf3 cxd4 6. Bc4 Qd6 7. O-O Nf6 8. Nb3 Nc6 9. Nbxd4 Nxd4 10. Nxd4 a6 11. Re1 Qc7 12. Bf1 {C07: French Tarrasch: 3...c5, 4 Ngf3 and 4 exd5 Qxd5} Be7 13. Qf3 O-O 14. Bf4 {The position is equal.} Bd6 15. Bxd6 Qxd6 16. Rad1 {With the idea Nxe6.} Qb6 17. Qb3 Qc7 {[#]} 18. Nf3 $146 ({Predecessor:} 18. c4 Bd7 19. Nf3 Rfd8 {0-1 (58) Karjakin,S (2781)-Grischuk,A (2761) Paris 2017}) 18... Bd7 19. Ne5 Rfd8 20. Nxd7 Rxd7 21. Rxd7 Qxd7 22. Qd3 Qxd3 23. Bxd3 $11 {[%mdl 4096] Endgame KRB-KRN} Kf8 24. a4 a5 25. Re5 b6 26. Rb5 Nd7 27. Kf1 (27. Bxh7 $2 g6 $17) 27... Ke7 28. Ke2 Kd6 29. Rg5 g6 30. Bb5 Nc5 31. Rg4 e5 32. c3 e4 33. Rh4 h5 34. f3 Ke5 35. Ke3 exf3 36. gxf3 Ra7 37. Rd4 g5 38. h4 f6 39. Be8 Re7 40. Bxh5 Rh7 41. Be8 Rxh4 42. b4 Ne6 43. Rxh4 (43. Rd7 $11) 43... gxh4 {KB-KN} 44. Bd7 (44. bxa5 $17 bxa5 45. Bb5) 44... Nf4 $19 {...h3 is the strong threat.} 45. Kf2 {[#]} axb4 (45... Nd3+ $1 $19 46. Ke3 Nf4) 46. cxb4 $17 Nd3+ 47. Ke3 Nxb4 {aiming for ...Nc2+.} 48. f4+ Kd6 49. Bh3 $2 (49. Bf5 $17) 49... Nd5+ $19 50. Kf3 $2 (50. Ke4) 50... Nc3 51. Kg4 Nxa4 52. Kxh4 b5 {[%cal Bb6b5,Bb5b4][%mdl 32] Black mates.} 53. Kg4 Nc3 ({Weaker is} 53... b4 54. Kf5 $17) 54. Bf1 b4 55. Kf5 Ke7 56. Bc4 {[#]} Nb1 $1 {Accuracy: White = 49%, Black = 79%.} 0-1

[Event "USA-ch Juniors Open 2019"]
[Site "Saint Louis"]
[Date "2019.07.18"]
[Round "7.5"]
[White "Burke, John M"]
[Black "Niemann, Hans Moke"]
[Result "1/2-1/2"]
[WhiteElo "2562"]
[BlackElo "2467"]
[Annotator "TA"]
[PlyCount "73"]
[EventDate "2019.07.09"]
[EventType "tourn"]
[EventCountry "USA"]
[SourceTitle "playchess.com"]
[Source "ChessBase"]
[SourceQuality "1"]

{[%evp 23,73,51,63,43,52,51,44,41,53,53,62,60,77,83,94,85,79,35,68,52,89,91,98,82,94,93,100,-95,0,0,0,-72,-83,-91,-91,-91,-91,-91,-85,-83,-83,-91,-82,-75,-21,-22,-22,-22,-11,-11,-11,-18]} 1. c4 c5 2. Nf3 Nf6 3. Nc3 Nc6 4. d4 cxd4 5. Nxd4 d6 6. e4 g6 7. Be2 Nxd4 8. Qxd4 Bg7 9. Be3 O-O 10. Qd2 Bd7 11. O-O Bc6 12. f3 a5 13. Rac1 {[%cal Ba1c1,Bc1c4,Bc4b4][%mdl 32] B36: Sicilian: Maroczy Bind: Gurgenidze System} (13. b3 Nd7 14. Rab1 Nc5 15. Rfd1 Be5 16. Qe1 Qc7 17. Nd5 Bxd5 18. cxd5 Rfc8 19. Rdc1 Qb6 20. Qd1 Bf4 21. Qd4 Bxe3+ 22. Qxe3 Na4 23. Qxb6 Nxb6 {½-½ (37) Wojtaszek,R (2701)-Lenic,L (2621) Legnica 2013}) 13... Nd7 14. Rfd1 a4 15. Nd5 {White is slightly better.} Bxd5 16. cxd5 Nc5 17. Rc4 $146 ({Predecessor:} 17. Qb4 b6 18. Bb5 Ra7 19. Rc4 Qb8 20. Qa3 Rc8 {1-0 (69) Goessler,M-Rattinger,F (2072) Graz 2011}) 17... Qb6 18. Rb4 Qa7 19. Rc1 Rfc8 20. Rbc4 Qb6 21. Qb4 (21. R1c2 {looks sharper.} Qa7 22. a3 Rab8 23. f4 b5 24. Rb4) 21... Qxb4 22. Rxb4 Bf6 23. Rc2 Kg7 24. f4 {Hoping for e5!} a3 {[#]} 25. Bg4 $2 (25. e5 $1 $16 {[%mdl 512] stays on course.} dxe5 26. Rxc5 (26. Bxc5 Ra5 $17) 26... exf4 27. Rxc8 (27. Rxf4 Rxc5 28. Bxc5 axb2 $17) 27... Rxc8 28. Bxf4 axb2 29. Kf2) 25... axb2 (25... Na6 $17 26. Rxc8 Nxb4 27. bxa3 (27. Rxa8 $2 {too greedy.} axb2 28. Kf2 b1=Q $19 {[%mdl 64] Double Attack}) 27... Rxa3 {[%mdl 64] Double Attack}) 26. e5 $11 dxe5 27. Bxc8 ({Avoid the trap} 27. Rxc5 $2 Rxc5 28. Bxc5 Rxa2 $19) (27. Bxc5 $11 {keeps the balance.} Rxa2 28. fxe5 (28. Bxc8 b1=Q+ 29. Rxb1 Rxc2 $11)) 27... Nd3 $17 28. Rbxb2 Nxb2 29. Rxb2 exf4 30. Bxb7 Bxb2 31. Bxa8 fxe3 {[%mdl 4096] Endgame KB-KB} 32. Bc6 Kf6 (32... f5 {feels hotter.} 33. Kf1 f4 34. Ke2 Kf6 35. g3 g5) 33. Be8 Ke5 ({Black should try} 33... Be5 $17 34. Kf1 Bxh2) 34. Bxf7 $11 {The position is equal.} Ke4 {[#] ( -> ...Bc3)} (34... Kd4 $5 35. Be8 $8 Bc3 $11) 35. Be8 $1 Kd3 {White must now prevent ...e2.} 36. Bb5+ Kd2 37. Kf1 {Accuracy: White = 53%, Black = 42%.} 1/2-1/2

[Event "USA-ch Juniors Open 2019"]
[Site "Saint Louis"]
[Date "2019.07.19"]
[Round "8.1"]
[White "Vaidya, Atulya"]
[Black "Niemann, Hans Moke"]
[Result "1/2-1/2"]
[WhiteElo "2118"]
[BlackElo "2467"]
[Annotator "TA"]
[PlyCount "98"]
[EventDate "2019.07.09"]
[EventType "tourn"]
[EventCountry "USA"]
[SourceTitle "playchess.com"]
[Source "ChessBase"]
[SourceQuality "1"]

{[%evp 9,98,12,63,32,34,34,42,39,36,0,6,-6,9,-18,0,0,0,0,6,1,23,20,37,37,41,42,53,51,50,59,57,35,47,-83,57,68,128,125,163,124,171,38,25,30,99,104,92,68,113,90,88,55,78,0,0,0,0,12,48,25,32,22,43,28,43,31,60,0,13,0,55,71,59,0,0,0,0,0,0,0,0,0,0,0,0,0,0,0,0,0,0]} 1. d4 Nf6 2. c4 e6 3. Nc3 Bb4 4. Qc2 c5 5. dxc5 Qc7 ({Black should try} 5... Na6 $11) 6. e3 {E38: Nimzo-Indian: Classical: 4...c5} (6. a3 Bxc5 7. b4 Be7 8. Nb5 Qc6 9. Nf3 d6 10. e4 Bd7 11. e5 dxe5 12. Nxe5 Qc8 13. Nxd7 Nbxd7 14. Bf4 e5 15. Be3 a5 16. Rb1 axb4 17. axb4 {0-1 (32) Lysyj,I (2642)-Kamsky,G (2664) Sochi 2019}) 6... a6 7. Bd3 Bxc5 8. Nf3 {White is slightly better.} b6 9. Ne4 $146 ({Predecessor:} 9. b3 Bb7 10. Bb2 Be7 11. O-O d6 12. Rfd1 Nbd7 13. Rac1 Nc5 {1-0 (53) Wang,A (2321)-Krush,I (2422) Saint Louis 2018}) 9... Be7 10. O-O Bb7 11. b3 d6 12. Bb2 Nbd7 {[%cal Bb8d7,Bd7e5,Be5g4][%mdl 32]} 13. Rac1 h6 14. Nfd2 Ne5 15. Nxf6+ gxf6 16. Be4 Rg8 17. f4 Ng4 18. Qd3 {[#] Black must now prevent h3.} f5 19. Bf3 Bf6 20. Ba3 Be7 $1 21. e4 {[#]} (21. Kh1 $14) 21... fxe4 (21... d5 $1 $17 {[%cal Rd5e4]} 22. Bxe7 dxe4) 22. Nxe4 $14 Rd8 (22... O-O-O $1 $14) 23. h3 Nf6 24. f5 e5 25. Rcd1 (25. Nxf6+ $18 Bxf6 26. Rcd1) 25... Bxe4 26. Bxe4 Kf8 (26... Nxe4 $11 {remains equal.} 27. Qxe4 d5 28. cxd5 Bxa3) 27. Bd5 Kg7 28. Qe3 Bf8 29. Kh1 Kh7 30. g4 b5 31. Bc1 (31. cxb5 $16 axb5 32. Bf3) 31... bxc4 $11 32. bxc4 Nxd5 33. cxd5 Qc4 34. Qa7 $36 {[%mdl 2048] White has good play.} Qe4+ 35. Kg1 Rc8 {And now ...Rc3 would win.} 36. Qxf7+ Kh8 {White should prevent ...Rc2.} 37. Qf6+ Kh7 {Threatens to win with ...Rc2.} 38. Qf7+ Kh8 {Threatening ...Rc2.} 39. Qf6+ Bg7 (39... Kh7 $11 40. Qh4 (40. Qf7+ Kh8 $16) 40... Rc2) 40. Qh4 $1 $14 Rc2 {[%csl Gc2][%cal Re4g2]} 41. Rd2 ({Better is} 41. Rf2 $14 Rxf2 42. Qxf2) 41... Rgc8 $11 {The position is equal.} 42. f6 {Threatening mate with Rxc2.} Rxc1 43. fxg7+ Kh7 {( -> ...Rxf1+)} 44. Rdf2 Rxf1+ 45. Rxf1 Qd4+ 46. Rf2 Qxd5 47. Kh2 {Hoping for g5.} e4 48. Qe7 {Qf8 is the strong threat.} Qe5+ 49. Qxe5 dxe5 {Accuracy: White = 43%, Black = 60%.} 1/2-1/2